Loading...
Beliefs | 0 | 8 | 0 | 3 | 80 | 95 | 114.00 | 1 | 3 |
Social Science | 0 | 7 | 0 | 4 | 70 | 115 | 126.29 | 0 | 3 |
History - World History | 1 | 4 | 0 | 1 | 55 | 34 | 95.80 | 0 | 2 |
History - European History | 1 | 4 | 0 | 1 | 55 | 21 | 75.80 | 1 | 4 |
Science - Physics | 0 | 4 | 0 | 0 | 40 | 95 | 108.50 | 0 | 1 |
Literature - European Literature | 0 | 4 | 0 | 1 | 40 | 86 | 123.00 | 0 | 2 |
Geography | 1 | 2 | 0 | 1 | 35 | 68 | 99.00 | 1 | 1 |
Fine Arts - Other Arts | 1 | 2 | 0 | 0 | 35 | 81 | 107.00 | 0 | 2 |
History - American History | 1 | 2 | 1 | 1 | 30 | 57 | 100.33 | 0 | 1 |
Visual Arts | 0 | 3 | 0 | 2 | 30 | 129 | 132.33 | 0 | 0 |
Literature - British Literature | 1 | 1 | 0 | 0 | 25 | 46 | 89.50 | 0 | 1 |
Science - Chemistry | 0 | 2 | 0 | 0 | 20 | 113 | 116.00 | 0 | 1 |
Science - Other Science | 0 | 2 | 0 | 1 | 20 | 131 | 132.00 | 0 | 0 |
Literature - World Literature | 0 | 2 | 0 | 1 | 20 | 138 | 143.50 | 0 | 1 |
Science - Biology | 0 | 2 | 0 | 1 | 20 | 112 | 112.00 | 0 | 1 |
Literature - American Literature | 0 | 2 | 1 | 0 | 15 | 121 | 132.50 | 0 | 0 |
Philosophy | 0 | 1 | 0 | 1 | 10 | 122 | 122.00 | 0 | 0 |
History - Other History | 0 | 1 | 0 | 0 | 10 | 127 | 127.00 | 0 | 0 |
History - Ancient History | 0 | 1 | 0 | 1 | 10 | 126 | 126.00 | 0 | 0 |
Current Events | 0 | 1 | 0 | 0 | 10 | 107 | 107.00 | 0 | 0 |
Auditory Arts | 0 | 0 | 0 | 0 | 0 | 0.00 | 0 | 0 |